Active NFL Receiving Yard Leaders - Statistics

General Stats
  • This quiz has been taken 42 times
  • The average score is 21 of 25
Answer Stats
Team Yards Answer % Correct
Eagles 7,034 AJ Brown
100%
Vikings 7,476 Justin Jefferson
100%
Chargers 11,342 Keenan Allen
100%
Buccaneers 12,735 Mike Evans
100%
Bills 10,548 Stefon Diggs
100%
Chiefs 11,138 Tyreek Hill
100%
Packers 11,895 Davante Adams
97%
Texans 13,000 DeAndre Hopkins
97%
Seahawks 6,407 DK Metcalf
97%
Vikings 8,311 Adam Thielen
94%
Cowboys 6,449 CeeDee Lamb
94%
Rams 7,791 Cooker Kupp
94%
Bengals 5,451 Ja’Marr Chase
94%
Commanders 6,454 Terry McLaurin
92%
Buccaneers 7,266 Chris Godwin
89%
Chiefs 12,198 Travis Kelce
89%
49ers 7,405 George Kittle
86%
Seahawks 8,594 Tyler Lockett
83%
Broncos 5,401 Courtland Sutton
78%
Ravens 5,535 Mark Andrews
72%
Panthers 7,599 DJ Moore
61%
Steelers 5,334 Juju Smith-Schuster
61%
Texans 9,558 Brandin Cooks
50%
Eagles 8,178 Zach Ertz
47%
Falcons 5,402 Calvin Ridley
39%
No matching quizzes found
Score Distribution
Percent of People with Each Score
Percentile by Number Answered
Your Score History
You have not taken this quiz